<?xml version="1.0" encoding="UTF-8"?>
<record
    xmlns:xsi="http://www.w3.org/2001/XMLSchema-instance"
    xsi:schemaLocation="http://www.loc.gov/MARC21/slim http://www.loc.gov/standards/marcxml/schema/MARC21slim.xsd"
    xmlns="http://www.loc.gov/MARC21/slim">

  <leader>00947nam a22002537a 4500</leader>
  <controlfield tag="005">20170124103045.0</controlfield>
  <datafield tag="010" ind1=" " ind2=" ">
    <subfield code="a">A-810176</subfield>
  </datafield>
  <datafield tag="020" ind1=" " ind2=" ">
    <subfield code="c">70.00</subfield>
  </datafield>
  <datafield tag="035" ind1=" " ind2=" ">
    <subfield code="a">A-810176</subfield>
  </datafield>
  <datafield tag="037" ind1=" " ind2=" ">
    <subfield code="b">Cen Lib/Ret</subfield>
  </datafield>
  <datafield tag="040" ind1=" " ind2=" ">
    <subfield code="a">DPL</subfield>
    <subfield code="b">HN</subfield>
  </datafield>
  <datafield tag="082" ind1=" " ind2=" ">
    <subfield code="a">&#x909; </subfield>
    <subfield code="b">&#x939;&#x947;&#x938;&#x939;</subfield>
  </datafield>
  <datafield tag="100" ind1=" " ind2=" ">
    <subfield code="a">&#x939;&#x947;&#x938;, &#x939;&#x930;&#x92E;&#x928; </subfield>
    <subfield code="9">2233</subfield>
  </datafield>
  <datafield tag="245" ind1=" " ind2=" ">
    <subfield code="a">&#x938;&#x93F;&#x926;&#x94D;&#x927;&#x93E;&#x930;&#x94D;&#x925; /</subfield>
    <subfield code="c">&#x939;&#x930;&#x92E;&#x928; &#x939;&#x947;&#x938; </subfield>
  </datafield>
  <datafield tag="246" ind1=" " ind2=" ">
    <subfield code="a">Siddharth /</subfield>
    <subfield code="b">by Harman Hes </subfield>
  </datafield>
  <datafield tag="260" ind1=" " ind2=" ">
    <subfield code="a">&#x926;&#x93F;&#x932;&#x94D;&#x932;&#x940; </subfield>
    <subfield code="b">&#x926;&#x93F;&#x932;&#x94D;&#x932;&#x940; &#x92A;&#x941;&#x938;&#x94D;&#x924;&#x915; &#x938;&#x926;&#x928; </subfield>
    <subfield code="c">1996</subfield>
  </datafield>
  <datafield tag="270" ind1=" " ind2=" ">
    <subfield code="a">30/36, &#x917;&#x932;&#x940; &#x928;&#x902;.9, &#x935;&#x93F;&#x936;&#x94D;&#x935;&#x93E;&#x938; &#x928;&#x917;&#x930;, &#x936;&#x93E;&#x939;&#x926;&#x930;&#x93E; </subfield>
    <subfield code="b">&#x926;&#x93F;&#x932;&#x94D;&#x932;&#x940; </subfield>
    <subfield code="e">110032</subfield>
  </datafield>
  <datafield tag="300" ind1=" " ind2=" ">
    <subfield code="a">88&#x92A;&#x943;. </subfield>
    <subfield code="c">21&#x938;&#x947;&#x92E;&#x940;(&#x938;&#x91C;&#x93F;&#x932;&#x94D;&#x926;)</subfield>
  </datafield>
  <datafield tag="650" ind1=" " ind2=" ">
    <subfield code="a">&#x939;&#x93F;&#x928;&#x94D;&#x926;&#x940; &#x938;&#x93E;&#x939;&#x93F;&#x924;&#x94D;&#x92F; </subfield>
    <subfield code="9">68471</subfield>
  </datafield>
  <datafield tag="650" ind1=" " ind2=" ">
    <subfield code="a">&#x939;&#x93F;&#x928;&#x94D;&#x926;&#x940; -- &#x909;&#x92A;&#x928;&#x94D;&#x92F;&#x93E;&#x938; </subfield>
    <subfield code="9">68472</subfield>
  </datafield>
  <datafield tag="650" ind1=" " ind2=" ">
    <subfield code="a">Hindi literature</subfield>
    <subfield code="9">68473</subfield>
  </datafield>
  <datafield tag="650" ind1=" " ind2=" ">
    <subfield code="a">Hindi -- novel</subfield>
    <subfield code="9">68474</subfield>
  </datafield>
  <datafield tag="942" ind1=" " ind2=" ">
    <subfield code="2">ddc</subfield>
    <subfield code="c">HN</subfield>
    <subfield code="h">&#x909; </subfield>
    <subfield code="m">&#x939;&#x947;&#x938;&#x939;</subfield>
  </datafield>
  <datafield tag="999" ind1=" " ind2=" ">
    <subfield code="c">116822</subfield>
    <subfield code="d">116822</subfield>
  </datafield>
  <datafield tag="952" ind1=" " ind2=" ">
    <subfield code="0">0</subfield>
    <subfield code="1">0</subfield>
    <subfield code="4">0</subfield>
    <subfield code="7">0</subfield>
    <subfield code="a">L</subfield>
    <subfield code="b">L</subfield>
    <subfield code="d">2015-08-25</subfield>
    <subfield code="e">Cen Lib/Ret</subfield>
    <subfield code="g">70.00</subfield>
    <subfield code="l">0</subfield>
    <subfield code="o">&#x909;  &#x939;&#x947;&#x938;&#x939;</subfield>
    <subfield code="p">A-810176</subfield>
    <subfield code="r">2015-08-25 00:00:00</subfield>
    <subfield code="t">1</subfield>
    <subfield code="v">70.00</subfield>
    <subfield code="w">2015-08-25</subfield>
    <subfield code="y">HN</subfield>
  </datafield>
  <datafield tag="952" ind1=" " ind2=" ">
    <subfield code="0">4</subfield>
    <subfield code="1">0</subfield>
    <subfield code="4">0</subfield>
    <subfield code="7">0</subfield>
    <subfield code="a">L</subfield>
    <subfield code="b">L</subfield>
    <subfield code="d">2015-08-27</subfield>
    <subfield code="e">Cen Lib/Ret</subfield>
    <subfield code="g">70.00</subfield>
    <subfield code="l">0</subfield>
    <subfield code="o">&#x909; &#x939;&#x947;&#x938;&#x939;</subfield>
    <subfield code="p">A-810190</subfield>
    <subfield code="r">2015-08-27 00:00:00</subfield>
    <subfield code="t">1</subfield>
    <subfield code="v">70.00</subfield>
    <subfield code="w">2015-08-27</subfield>
    <subfield code="y">HN</subfield>
    <subfield code="z">Written off on approval by DLB (By Circulation); dtd 20.12.2022</subfield>
  </datafield>
</record>
